Open Data Biblioteca Nacional de Portugal


República Portuguesa: Ministério da Cultura
Biblioteca Nacional de Portugal

Catálogo da BNP: acesso por Identificadores Unívocos
Registos Bibliográficos associados ao registo de autoridade

Etiqueta de registo: 00254nam 2200025 450
001 2285477
003 http://id.bnportugal.gov.pt/bib/catbnp/2285477
021 ## $aPT$b502280/22
100 ## $a20260429d2022 m y0pory01030103ba
101 1# $apor
102 ## $aPT
105 ## $aa z 000yy
106 ## $ar
200 1# $aTeilhard de Chardin$erevisitado, um cristianismo renascido para o 3º milénio$fGérard Donnadieu$gposf. Vasco Pinto de Magalhães$gtrad. António Paixão
210 #9 $a[S.l.]$cAssociação dos Amigos de Pierre Teilhard de Chardin em Portugal,$d2022
215 ## $a301, [2] p.$cil.$d23 cm
700 #1 $aDonnadieu,$bGérard$3849631
702 #1 $aMagalhães,$bVasco Pinto de,$f1941- ,$cS.J.$4075$3148899
702 #1 $910$aPaixão,$bAntónio$4730$31997247
801 #0 $aPT$bBN$gRPC
966 ## $lBN$mFGMON$x1
966 ## $lBN$mFGMON$x1
971 ## $cisantos$d20260429

OpendataBNP@bnportugal.pt | Mais informação sobre acesso aos dados BNP